000 01081nam a22003257a 4500
003 CHAP
005 20220329140333.0
008 971013s r 00010 d
010 _a50605
011 _a51577
035 _a55727
040 _cCHAP
082 _a907.2
_bP5
100 0 0 _aPlasencia, Adelaida.
_989108
245 _aMetodología de la investigación histórica
260 _aMéxico, D.F. :
_bQuinto Sol,
_c(19 )
300 _a245 p.
490 _aCuadernos de marxismo
_v; 4
590 _aBATCH-UPD
_b10
_c20130110
_lUCH01
_h0610
590 _aBATCH-UPD
_b10
_c20130110
_lUCH01
_h2323
590 _aBATCH-UPD
_b10
_c20130410
_lUCH01
_h0252
590 _aBATCH-UPD
_b10
_c20130914
_lUCH01
_h1618
590 _aCONVERSION
_b10
_c20130109
_lUCH01
_h1327
650 1 4 _aHistoria
_xMetodología.
_955606
830 0 _aCuadernos de marxismo
_v; 4
_929812
901 _aBK
942 _cLIBRO
949 _a907.2 P5
_bBC
_cLIBRO
_d33724000257358
_eLIBRO
_fc.2
_gI.c/e
_h68015
_i55727
_si
_t590.00
949 _a907.2 P5
_bBC
_cLIBRO
_d33724000257366
_eLIBRO
_gI.c/e
_h68014
_i55727
_si
_t590.00
999 _c50605
_d50605